000 00318nam a2200121Ia 4500
008 240731s9999 xx 000 0 und d
022 _a1740-7893
245 0 _aNew Review of Libraries and Lifelong Learning
260 _bRoutledge
856 _uhttps://www.tandfonline.com/loi/rlll20
942 _2ddc
942 _cTFEJ
999 _c78715
_d78715
945 _a1
_bMadushi Gamage
_c1
_dMadushi Gamage